[Event "Ricany op"]
[Site "Ricany"]
[Date "2015.08.27"]
[Round "7"]
[White "Korsa, Jindrich"]
[Black "Danhel, Lukas"]
[Result "1-0"]
[WhiteElo "2138"]
[BlackElo "1807"]
[PlyCount "35"]
[EventDate "2015.08.22"]
[EventType "swiss"]
[EventRounds "9"]
[EventCountry "CZE"]
[SourceTitle "EXT 2023"]
[Source "ChessBase"]
[SourceDate "2022.10.05"]
[SourceVersion "1"]
[SourceVersionDate "2022.10.05"]
[SourceQuality "1"]

1. e4 c5 2. Nc3 h5 3. f4 g6 4. Nf3 Bg7 5. g3 Nc6 6. Bg2 e6 7. d3 Nge7 8. 0-0 0-0 9. Be3 d6 10. d4 d5 11. exd5 exd5 12. Bf2 Bf5 13. dxc5 d4 14. Nb5 d3 15. c3 d2 16. Qa4 Nd5 17. Rad1 a6 18. Nbd4 1-0

[Event "Ricany op"]
[Site "Ricany"]
[Date "2015.08.24"]
[Round "4"]
[White "Skala, Jaromir"]
[Black "Danhel, Lukas"]
[Result "1/2-1/2"]
[WhiteElo "1959"]
[BlackElo "1807"]
[PlyCount "60"]
[EventDate "2015.08.22"]
[EventType "swiss"]
[EventRounds "9"]
[EventCountry "CZE"]
[SourceTitle "EXT 2023"]
[Source "ChessBase"]
[SourceDate "2022.10.05"]
[SourceVersion "1"]
[SourceVersionDate "2022.10.05"]
[SourceQuality "1"]

1. d4 Nf6 2. c4 c5 3. d5 e6 4. Nc3 exd5 5. cxd5 d6 6. g3 g6 7. Bg2 Bg7 8. Nf3 0-0 9. 0-0 Re8 10. Nd2 Na6 11. e4 Nc7 12. a4 Rb8 13. a5 b5 14. axb6 axb6 15. Nc4 Ba6 16. Rxa6 Nxa6 17. Bf4 Bf8 18. Nb5 Nxe4 19. f3 Qd7 20. fxe4 Qxb5 21. Nxd6 Qd7 22. Nxe8 Rxe8 23. e5 Bg7 24. Re1 Nb4 25. Qb3 Kh8 26. e6 fxe6 27. dxe6 Qd4+ 28. Be3 Qe5 29. Bd2 Qd4+ 30. Be3 Qe5 1/2-1/2

[Event "Ricany op"]
[Site "Ricany"]
[Date "2015.08.22"]
[Round "1"]
[White "Skacel, Jan"]
[Black "Danhel, Lukas"]
[Result "1/2-1/2"]
[WhiteElo "2051"]
[BlackElo "1807"]
[PlyCount "41"]
[EventDate "2015.08.22"]
[EventType "swiss"]
[EventRounds "9"]
[EventCountry "CZE"]
[SourceTitle "EXT 2023"]
[Source "ChessBase"]
[SourceDate "2022.10.05"]
[SourceVersion "1"]
[SourceVersionDate "2022.10.05"]
[SourceQuality "1"]

1. c4 c5 2. Nf3 Nc6 3. g3 g6 4. Bg2 Bg7 5. 0-0 e6 6. Nc3 Nge7 7. d3 0-0 8. Bd2 d5 9. Rb1 b6 10. a3 Bb7 11. b4 cxb4 12. axb4 dxc4 13. dxc4 Qd7 14. Qa4 Rad8 15. Rfd1 Qc8 16. Nb5 a6 17. Na3 Nd4 18. Nxd4 Bxd4 19. Bg5 Qc7 20. Bxb7 Qxb7 21. Nc2 1/2-1/2

[Event "Prague Holiday K11"]
[Site "Prague"]
[Date "2015.07.22"]
[Round "6"]
[White "Aubrecht, Petr"]
[Black "Danhel, Lukas"]
[Result "1/2-1/2"]
[WhiteElo "1820"]
[BlackElo "1798"]
[PlyCount "74"]
[EventDate "2015.07.19"]
[EventType "tourn"]
[EventRounds "9"]
[EventCountry "CZE"]
[SourceTitle "EXT 2017"]
[Source "ChessBase"]
[SourceDate "2016.10.25"]
[SourceVersion "1"]
[SourceVersionDate "2016.10.25"]
[SourceQuality "1"]

1. e4 c5 2. Nf3 Nc6 3. d4 cxd4 4. Nxd4 g6 5. Nc3 Bg7 6. Be3 Nf6 7. Bc4 Qa5 8. 0-0 0-0 9. Bb3 d6 10. h3 Bd7 11. f4 a6 12. Qd3 Rac8 13. a3 Qc7 14. Nxc6 Bxc6 15. Bd4 e6 16. f5 Qd7 17. fxg6 fxg6 18. Rad1 Kh8 19. Bxf6 Bxf6 20. Qxd6 Qxd6 21. Rxd6 Bxc3 22. Rxf8+ Rxf8 23. bxc3 Bxe4 24. Rxe6 Bc6 25. Bc4 Rc8 26. Bd3 Rc7 27. g3 Kg7 28. Kf2 Kf8 29. Ke3 Bd7 30. Rb6 Bxh3 31. Kd4 Bg2 32. c4 Ke7 33. c5 Rd7+ 34. Kc4 Bd5+ 35. Kb4 Kf8 36. a4 Re7 37. Rd6 Bg2 1/2-1/2

[Event "Prague Golden op 10th"]
[Site "Prague"]
[Date "2014.06.22"]
[Round "1"]
[White "Pribyl, Viktor"]
[Black "Danhel, Lukas"]
[Result "0-1"]
[WhiteElo "1496"]
[BlackElo "1681"]
[PlyCount "122"]
[EventDate "2014.06.22"]
[EventType "swiss"]
[EventRounds "9"]
[EventCountry "CZE"]
[SourceTitle "CBM 161 Extra"]
[Source "ChessBase"]
[SourceDate "2014.08.29"]
[SourceVersion "1"]
[SourceVersionDate "2014.08.29"]
[SourceQuality "1"]

1. d4 Nf6 2. c4 c5 3. d5 d6 4. Nc3 e6 5. e4 exd5 6. cxd5 g6 7. Nge2 Bg7 8. Ng3 0-0 9. Bf4 a6 10. Be2 b5 11. Qc2 Re8 12. h4 h5 13. Bg5 Qb6 14. 0-0 Ra7 15. Rfe1 Nbd7 16. b3 Ne5 17. Rad1 Neg4 18. Bf3 Ne5 19. Be2 Nfg4 20. Bxg4 Nxg4 21. Nb1 Bd4 22. Rd2 Qa5 23. Ree2 Qb6 24. Nc3 Be5 25. Nf1 f6 26. Be3 Rae7 27. Rd1 Bxc3 28. Qxc3 Rxe4 29. Rde1 R4e7 30. Qd3 Bf5 31. Qd2 Ne5 32. Rd1 Bd3 33. Ree1 Bxf1 34. Rxf1 Ng4 35. Rfe1 Nxe3 36. Rxe3 Rxe3 37. fxe3 Re4 38. Re1 Qd8 39. Qf2 Qe7 40. Qg3 Rg4 41. Qf2 f5 42. g3 Qe5 43. Kg2 Qxd5+ 44. Qf3 Qxf3+ 45. Kxf3 Kf7 46. e4 Rxe4 47. Rxe4 fxe4+ 48. Kxe4 Ke6 49. Kf4 d5 50. Kg5 d4 51. Kxg6 d3 52. Kxh5 d2 53. g4 d1Q 54. Kg5 Qd5+ 55. Kh6 Kf7 56. g5 Qe6+ 57. Kh5 c4 58. bxc4 bxc4 59. a3 c3 60. a4 c2 61. a5 c1R 0-1

[Event "CZE-chTB U20 1314"]
[Site "Czech Republic"]
[Date "2014.04.27"]
[Round "11.5"]
[White "Danhel, Lukas"]
[Black "Solc, Filip"]
[Result "1/2-1/2"]
[WhiteElo "1670"]
[BlackElo "1676"]
[PlyCount "75"]
[EventDate "2013.10.12"]
[EventType "team-tourn"]
[EventRounds "11"]
[EventCountry "CZE"]
[SourceTitle "EXT 2015"]
[Source "ChessBase"]
[SourceDate "2014.11.20"]
[SourceVersion "1"]
[SourceVersionDate "2014.11.20"]
[SourceQuality "1"]
[WhiteTeam "Praha Bohemians (U20)"]
[BlackTeam "Hradec Kralove (U20)"]
[WhiteTeamCountry "CZE"]
[BlackTeamCountry "CZE"]

1. e4 Nf6 2. Nc3 d5 3. exd5 Nxd5 4. Nxd5 Qxd5 5. Qf3 Qxf3 6. Nxf3 Nc6 7. Bb5 Bd7 8. d4 a6 9. Ba4 Rd8 10. c3 e6 11. Be3 Be7 12. 0-0-0 0-0 13. Bc2 Rfe8 14. Rd2 Bc8 15. Rhd1 Bd6 16. d5 exd5 17. Rxd5 Be6 18. R5d3 Bc4 19. R3d2 Bxa2 20. Rxd6 Rxd6 21. Rxd6 cxd6 22. b3 Na5 23. Nd4 Bxb3 24. Bxb3 Nxb3+ 25. Nxb3 b5 26. Kc2 Rc8 27. Kd3 Kf8 28. Na5 d5 29. Bd4 f6 30. g3 Kf7 31. h4 Ke7 32. Be3 Kd7 33. Bf4 g6 34. Kd4 Ke6 35. Bd2 Rc7 36. Bf4 Rc8 37. Bd2 Rc7 38. Bf4 1/2-1/2

[Event "CZE-chTB U20 1314"]
[Site "Czech Republic"]
[Date "2014.04.25"]
[Round "8.5"]
[White "Ochmyt, Jakub"]
[Black "Danhel, Lukas"]
[Result "1/2-1/2"]
[WhiteElo "1611"]
[BlackElo "1670"]
[PlyCount "59"]
[EventDate "2013.10.12"]
[EventType "team-tourn"]
[EventRounds "11"]
[EventCountry "CZE"]
[SourceTitle "EXT 2015"]
[Source "ChessBase"]
[SourceDate "2014.11.20"]
[SourceVersion "1"]
[SourceVersionDate "2014.11.20"]
[SourceQuality "1"]
[WhiteTeam "Orlova Slavia (U20) II"]
[BlackTeam "Praha Bohemians (U20)"]
[WhiteTeamCountry "CZE"]
[BlackTeamCountry "CZE"]

1. d4 Nf6 2. Nf3 c5 3. c4 cxd4 4. Nxd4 Nc6 5. e3 g6 6. b3 Bg7 7. Bb2 0-0 8. Be2 d6 9. Nc3 Bd7 10. Rc1 a6 11. 0-0 Qa5 12. Bf3 Rfc8 13. a3 Rab8 14. b4 Qd8 15. Nd5 Ne5 16. Nxf6+ Bxf6 17. Be2 Be8 18. Qb3 Rc7 19. Rc2 Rbc8 20. f4 Nd7 21. Rfc1 Nb6 22. Qa2 Ba4 23. Rd2 Qf8 24. Bg4 Bd7 25. Bxd7 Nxd7 26. Rdc2 Qg7 27. Qb3 h6 28. Kh1 Kh7 29. Qd3 Qh8 30. f5 1/2-1/2

[Event "CZE-chTA U20 1213"]
[Site "Czech Republic"]
[Date "2013.04.14"]
[Round "11.5"]
[White "Kosut, Tomas"]
[Black "Danhel, Lukas"]
[Result "0-1"]
[WhiteElo "1763"]
[BlackElo "1568"]
[PlyCount "88"]
[EventDate "2012.10.06"]
[EventType "team-tourn"]
[EventRounds "11"]
[EventCountry "CZE"]
[SourceTitle "EXT 2015"]
[Source "ChessBase"]
[SourceDate "2014.11.20"]
[SourceVersion "1"]
[SourceVersionDate "2014.11.20"]
[SourceQuality "1"]
[WhiteTeam "Namest nad Oslavou (U20)"]
[BlackTeam "Praha Bohemians (U20)"]
[WhiteTeamCountry "CZE"]
[BlackTeamCountry "CZE"]

1. e4 c5 2. Nf3 Nc6 3. d4 cxd4 4. Nxd4 g6 5. Be3 Bg7 6. Nc3 Nf6 7. Be2 0-0 8. Qd2 Re8 9. f4 d6 10. h3 Nxd4 11. Bxd4 h5 12. 0-0-0 Qa5 13. Kb1 a6 14. Qe3 Qc7 15. Bxf6 exf6 16. Nd5 Qc6 17. Bf3 Kh8 18. Qf2 Rb8 19. g4 Be6 20. gxh5 Bxd5 21. exd5 Qc4 22. hxg6 fxg6 23. Qh4+ Kg8 24. Rhe1 Rbc8 25. Rxe8+ Rxe8 26. Re1 Rc8 27. Qf2 Qc7 28. Qe2 a5 29. Qe6+ Kh8 30. Qe4 f5 31. Qd3 a4 32. Rc1 Qb6 33. c3 a3 34. b3 Qc7 35. c4 b5 36. Be2 Qe7 37. cxb5 Re8 38. Bf3 Qf6 39. Qd2 Qa1+ 40. Kc2 Qxa2+ 41. Kd1 Qxb3+ 42. Rc2 Qxf3+ 43. Kc1 Qf1+ 44. Qd1 Re1 0-1

[Event "Czech Fed-ch U16"]
[Site "Hrdonov"]
[Date "2012.10.27"]
[Round "9"]
[White "Danhel, Lukas"]
[Black "Bobek, Daniel"]
[Result "1/2-1/2"]
[WhiteElo "1568"]
[BlackElo "1629"]
[PlyCount "42"]
[EventDate "2012.10.20"]
[EventType "swiss"]
[EventRounds "9"]
[EventCountry "CZE"]
[SourceTitle "CBM 151 Extra"]
[Source "ChessBase"]
[SourceDate "2012.12.18"]
[SourceVersion "1"]
[SourceVersionDate "2012.12.18"]
[SourceQuality "1"]

1. c4 c6 2. e4 d5 3. exd5 cxd5 4. d4 Nf6 5. Nc3 e6 6. Nf3 Bb4 7. Bd2 Nc6 8. a3 Ba5 9. b4 Bc7 10. c5 a6 11. Bd3 0-0 12. Qc2 e5 13. dxe5 Nxe5 14. Nxe5 Bxe5 15. 0-0 Qc7 16. h3 h6 17. Rad1 Bd7 18. Ne2 Rfe8 19. f4 Bd6 20. Nd4 Bf8 21. Rde1 Rxe1 1/2-1/2

[Event "Czech Fed-ch U16"]
[Site "Hrdonov"]
[Date "2012.10.24"]
[Round "6"]
[White "Danhel, Lukas"]
[Black "Liduch, Filip"]
[Result "1/2-1/2"]
[WhiteElo "1568"]
[BlackElo "1697"]
[PlyCount "55"]
[EventDate "2012.10.20"]
[EventType "swiss"]
[EventRounds "9"]
[EventCountry "CZE"]
[SourceTitle "CBM 151 Extra"]
[Source "ChessBase"]
[SourceDate "2012.12.18"]
[SourceVersion "1"]
[SourceVersionDate "2012.12.18"]
[SourceQuality "1"]

1. c4 Nf6 2. g3 e6 3. Bg2 d5 4. Qc2 Be7 5. Nf3 0-0 6. 0-0 c6 7. d3 Nbd7 8. h3 b6 9. Be3 Bb7 10. a3 c5 11. d4 dxc4 12. Qxc4 Rc8 13. Nc3 cxd4 14. Qxd4 Bc5 15. Qd2 Qe7 16. Rfd1 Rfd8 17. Bxc5 Nxc5 18. Qe1 Nce4 19. Rxd8+ Rxd8 20. Nxe4 Bxe4 21. Rd1 h6 22. Rxd8+ Qxd8 23. Qd2 Qc7 24. Ne1 Bxg2 25. Nxg2 Ne4 26. Qf4 Qxf4 27. Nxf4 Nd6 28. Nd3 1/2-1/2

[Event "Czech Fed-ch U16"]
[Site "Hrdonov"]
[Date "2012.10.20"]
[Round "1"]
[White "Tuma, Jan"]
[Black "Danhel, Lukas"]
[Result "1/2-1/2"]
[WhiteElo "1738"]
[BlackElo "1568"]
[PlyCount "72"]
[EventDate "2012.10.20"]
[EventType "swiss"]
[EventRounds "9"]
[EventCountry "CZE"]
[SourceTitle "CBM 151 Extra"]
[Source "ChessBase"]
[SourceDate "2012.12.18"]
[SourceVersion "1"]
[SourceVersionDate "2012.12.18"]
[SourceQuality "1"]

1. e4 c5 2. Nf3 Nc6 3. d4 cxd4 4. Nxd4 g6 5. Nc3 Bg7 6. Be3 Nf6 7. f3 0-0 8. Bc4 Qb6 9. Bb3 Nxe4 10. Nd5 Qa5+ 11. c3 Nc5 12. Nxc6 dxc6 13. Nxe7+ Kh8 14. Nxc8 Raxc8 15. 0-0 Rcd8 16. Qc2 Qb5 17. Rfd1 Kg8 18. Rxd8 Rxd8 19. Rd1 Rxd1+ 20. Qxd1 Nxb3 21. axb3 a6 22. b4 Qd5 23. Qxd5 cxd5 24. Kf1 f5 25. Ke2 Kf7 26. Kd3 Ke6 27. g3 Be5 28. f4 Bf6 29. Bd4 Bxd4 30. Kxd4 Kd6 31. b3 b6 32. h3 h6 33. h4 h5 34. Kd3 Kc6 35. Ke3 Kd7 36. Kd2 Kd6 1/2-1/2